LEADER 01787nlm0 22004811i 450 001 990009249170403321 010 $a9783540715450 035 $a000924917 035 $aFED01000924917 035 $a(Aleph)000924917FED01 035 $a000924917 100 $a20100926d2007----km-y0itay50------ba 101 0 $aeng 102 $aDE 135 $adrnn-008mamaa 200 1 $aAdaptive Multimedia Retrieval: User, Context, and Feedback$bRisorsa elettronica$e4th International Workshop, AMR 2006, Geneva, Switzerland, July 27-28, 2006, Revised Selected Papers$fedited by Stéphane Marchand-Maillet, Eric Bruno, Andreas 210 $aBerlin ; Heidelberg$cSpringer$d2007 225 1 $aLecture Notes in Computer Science$x0302-9743$v4398 230 $aDocumento elettronico 336 $aTesto 337 $aFormato html, pdf 702 1$aBruno,$bEric 702 1$aDetyniecki,$bMarcin 702 1$aMarchand-Maillet,$bStéphane 702 1$aNürnberger,$bAndreas 801 0$aIT$bUNINA$gREICAT$2UNIMARC 856 4 $zFull text per gli utenti Federico II$uhttp://dx.doi.org/10.1007/978-3-540-71545-0 901 $aEB 912 $a990009249170403321 961 $aArtificial intelligence 961 $aArtificial Intelligence (incl. Robotics) 961 $aComputer science 961 $aComputer Science 961 $aComputer vision 961 $aImage Processing and Computer Vision 961 $aInformation Storage and Retrieval 961 $aInformation storage and retrieval systems 961 $aInformation systems 961 $aInformation Systems Applications (incl.Internet) 961 $aMultimedia Information Systems 961 $aMultimedia systems 996 $aAdaptive Multimedia Retrieval: User, Context, and Feedback$9772252 997 $aUNINA LEADER 03144nam 2200637 450 001 9910819967703321 005 20230807214011.0 010 $a0-8047-9538-X 024 7 $a10.1515/9780804795388 035 $a(CKB)3710000000374966 035 $a(EBL)1990259 035 $a(SSID)ssj0001440925 035 $a(PQKBManifestationID)11886722 035 $a(PQKBTitleCode)TC0001440925 035 $a(PQKBWorkID)11391744 035 $a(PQKB)10218328 035 $a(MiAaPQ)EBC1990259 035 $a(DE-B1597)563612 035 $a(DE-B1597)9780804795388 035 $a(Au-PeEL)EBL1990259 035 $a(CaPaEBR)ebr11033057 035 $a(OCoLC)904979310 035 $a(OCoLC)1198930717 035 $a(EXLCZ)993710000000374966 100 $a20150328h20152015 uy 0 101 0 $aeng 135 $aurnnu---|u||u 181 $ctxt 182 $cc 183 $acr 200 10$aProtests against U.S. military base policy in Asia $epersuasion and its limits in base politics /$fYuko Kawato 210 1$aStanford, California :$cStanford University Press,$d2015. 210 4$d©2015 215 $a1 online resource (245 p.) 225 1 $aStudies in Asian Security 300 $aDescription based upon print version of record. 311 $a0-8047-9416-2 320 $aIncludes bibliographical references and index. 327 $tFront matter --$tContents --$tAcronyms --$tAcknowledgments --$tIntroduction --$t1 Response to Protests in Okinawa Under the U.S. Administration, 1945?1972 --$t2 Response to Protests in Okinawa, 1995?1996 and 2009?2010 --$t3 Response to Protests in South Korea, 2000?2007 --$t4 Response to Protests in the Philippines, 1964?1965 and 1972?1979 --$t5 Persuasion and the Closure of U.S. Military Bases in the Philippines, 1991 --$tConclusion --$tNotes --$tBibliography --$tIndex 330 $aSince the end of World War II, protests against U.S. military base and related policies have occurred in several Asian host countries. These protests raise important questions about the extent to which they have and will influence the policy regarding U.S. military bases in Asia. Protests Against U.S. Military Base Policy in Asia answers these questions by examining state response to twelve major protests in Asia since the end of World War II-in the Philippines, Okinawa, and South Korea.Yuko Kawato lays out the conditions under which protesters' normative arguments can and cannot persuade... 410 0$aStudies in Asian security. 606 $aMilitary bases, American$xPolitical aspects$zAsia$vCase studies 606 $aProtest movements$zAsia$vCase studies 607 $aUnited States$xMilitary relations$zAsia$vCase studies 607 $aAsia$xMilitary relations$zUnited States$vCase studies 615 0$aMilitary bases, American$xPolitical aspects 615 0$aProtest movements 676 $a355.7095 700 $aKawato$b Yuko $01613001 801 0$bMiAaPQ 801 1$bMiAaPQ 801 2$bMiAaPQ 906 $aBOOK 912 $a9910819967703321 996 $aProtests against U.S. military base policy in Asia$93942086 997 $aUNINA